Administrative law / (Record no. 69251)

MARC details
000 -LEADER
fixed length control field 00650cam a22002171a 4500
001 - CONTROL NUMBER
control field sa 66004140
003 - CONTROL NUMBER IDENTIFIER
control field DLC
005 - DATE AND TIME OF LATEST TRANSACTION
control field 20260227112240.0
008 - FIXED-LENGTH DATA ELEMENTS--GENERAL INFORMATION
fixed length control field 820427s1965 ii 000 0 eng
010 ## - LIBRARY OF CONGRESS CONTROL NUMBER
LC control number sa 66004140
035 ## - SYSTEM CONTROL NUMBER
System control number (OCoLC)8374298
040 ## - CATALOGING SOURCE
Original cataloging agency DLC
Transcribing agency TxU-L
Modifying agency DLC
042 ## - AUTHENTICATION CODE
Authentication code premarc
050 00 - LIBRARY OF CONGRESS CALL NUMBER
Classification number KNS2450
Item number .R35 1965
100 1# - MAIN ENTRY--PERSONAL NAME
Personal name Rajagopalan, Subrahmanya,
Dates associated with a name 1906-
245 10 - TITLE STATEMENT
Title Administrative law /
Statement of responsibility, etc. by S. Rajagopalan. With a foreword by M. Anantanarayanan.
260 ## - PUBLICATION, DISTRIBUTION, ETC.
Place of publication, distribution, etc. Madras :
Name of publisher, distributor, etc. Vimala Publications,
Date of publication, distribution, etc. [1965]
300 ## - PHYSICAL DESCRIPTION
Extent xxiv, 3, 339 p. ;
Dimensions 23 cm.
650 #0 - SUBJECT ADDED ENTRY--TOPICAL TERM
Topical term or geographic name entry element Administrative law
Geographic subdivision India.
650 #0 - SUBJECT ADDED ENTRY--TOPICAL TERM
Topical term or geographic name entry element Administrative law.

No items available.

Powered by Koha